Match & Year | Player |
LIV 1-0 CSKA Sofia, EC QF, 1st leg (81/82) | Bruce Grobbelaar | | 97.7% | LIV 1-0 CSKA Sofia, EC QF, 1st leg (81/82) | Ian Rush | | 97.7% | CSKA Sofia 2-0 LIV, EC QF, 2nd leg (81/82) | Bruce Grobbelaar | | 97.7% | CSKA Sofia 2-0 LIV, EC QF, 2nd leg (81/82) | Ian Rush | | 97.7% | Widzew Łódź 2-0 LIV, EC QF, 1st leg (82/83) | Bruce Grobbelaar | | 97.7% | Widzew Łódź 2-0 LIV, EC QF, 1st leg (82/83) | Ian Rush | | 97.7% | LIV 3-2 Widzew Łódź, EC QF, 2nd leg (82/83) | Bruce Grobbelaar | | 97.7% | LIV 3-2 Widzew Łódź, EC QF, 2nd leg (82/83) | Ian Rush | | 97.7% | LIV 1-0 Dinamo Bucureşti, EC SF, 1st leg (83/84) | Bruce Grobbelaar | | 97.7% | LIV 1-0 Dinamo Bucureşti, EC SF, 1st leg (83/84) | Ian Rush | | 97.7% | Dinamo Bucureşti 1-2 LIV, EC SF, 2nd leg (83/84) | Bruce Grobbelaar | | 97.7% | Dinamo Bucureşti 1-2 LIV, EC SF, 2nd leg (83/84) | Ian Rush | | 97.7% | Lech Poznań 0-1 LIV, EC R1, 1st leg (84/85) | Bruce Grobbelaar | | 97.7% | LIV 4-0 Lech Poznań, EC R1, 2nd leg (84/85) | Bruce Grobbelaar | | 97.7% | LIV 5-1 Dynamo Dresden, EC R2, 1st leg (77/78) | Kenny Dalglish | | 97.4% | Dynamo Dresden 2-1 LIV, EC R2, 2nd leg (77/78) | Kenny Dalglish | | 97.4% | LIV 2-1 Dinamo Tbilisi, EC R1, 1st leg (79/80) | Kenny Dalglish | | 97.4% | Dinamo Tbilisi 3-0 LIV, EC R1, 2nd leg (79/80) | Kenny Dalglish | | 97.4% | LIV 5-1 CSKA Sofia, EC QF, 1st leg (80/81) | Kenny Dalglish | | 97.4% | CSKA Sofia 0-1 LIV, EC QF, 2nd leg (80/81) | Kenny Dalglish | | 97.4% | LIV 1-0 CSKA Sofia, EC QF, 1st leg (81/82) | Kenny Dalglish | | 97.4% | CSKA Sofia 2-0 LIV, EC QF, 2nd leg (81/82) | Kenny Dalglish | | 97.4% | Widzew Łódź 2-0 LIV, EC QF, 1st leg (82/83) | Kenny Dalglish | | 97.4% | LIV 1-0 Dinamo Bucureşti, EC SF, 1st leg (83/84) | Kenny Dalglish | | 97.4% | Dinamo Bucureşti 1-2 LIV, EC SF, 2nd leg (83/84) | Kenny Dalglish | | 97.4% | Lech Poznań 0-1 LIV, EC R1, 1st leg (84/85) | Kenny Dalglish | | 97.4% | LIV 4-0 Lech Poznań, EC R1, 2nd leg (84/85) | Kenny Dalglish | | 97.4% | LIV 5-1 Dynamo Dresden, EC R2, 1st leg (77/78) | Alan Hansen | | 97.1% | Dynamo Dresden 2-1 LIV, EC R2, 2nd leg (77/78) | Alan Hansen | | 97.1% | Dinamo Tbilisi 3-0 LIV, EC R1, 2nd leg (79/80) | Alan Hansen | | 97.1% | LIV 5-1 CSKA Sofia, EC QF, 1st leg (80/81) | Alan Hansen | | 97.1% | CSKA Sofia 0-1 LIV, EC QF, 2nd leg (80/81) | Alan Hansen | | 97.1% | LIV 1-0 CSKA Sofia, EC QF, 1st leg (81/82) | Alan Hansen | | 97.1% | Widzew Łódź 2-0 LIV, EC QF, 1st leg (82/83) | Alan Hansen | | 97.1% | LIV 3-2 Widzew Łódź, EC QF, 2nd leg (82/83) | Alan Hansen | | 97.1% | LIV 1-0 Dinamo Bucureşti, EC SF, 1st leg (83/84) | Alan Hansen | | 97.1% | Dinamo Bucureşti 1-2 LIV, EC SF, 2nd leg (83/84) | Alan Hansen | | 97.1% | Lech Poznań 0-1 LIV, EC R1, 1st leg (84/85) | Alan Hansen | | 97.1% | LIV 4-0 Lech Poznań, EC R1, 2nd leg (84/85) | Alan Hansen | | 97.1% | Śląsk Wrocław 1-2 LIV, UC R3, 1st leg (75/76) | Ray Clemence | | 96.9% | LIV 3-0 Śląsk Wrocław, UC R3, 2nd leg (75/76) | Ray Clemence | | 96.9% | Dynamo Dresden 0-0 LIV, UC QF, 1st leg (75/76) | Ray Clemence | | 96.9% | LIV 2-1 Dynamo Dresden, UC QF, 2nd leg (75/76) | Ray Clemence | | 96.9% | LIV 5-1 Dynamo Dresden, EC R2, 1st leg (77/78) | Ray Clemence | | 96.9% | Dynamo Dresden 2-1 LIV, EC R2, 2nd leg (77/78) | Ray Clemence | | 96.9% | LIV 2-1 Dinamo Tbilisi, EC R1, 1st leg (79/80) | Ray Clemence | | 96.9% | Dinamo Tbilisi 3-0 LIV, EC R1, 2nd leg (79/80) | Ray Clemence | | 96.9% | LIV 5-1 CSKA Sofia, EC QF, 1st leg (80/81) | Ray Clemence | | 96.9% | CSKA Sofia 0-1 LIV, EC QF, 2nd leg (80/81) | Ray Clemence | | 96.9% | Śląsk Wrocław 1-2 LIV, UC R3, 1st leg (75/76) | Ray Kennedy | | 95.3% | LIV 3-0 Śląsk Wrocław, UC R3, 2nd leg (75/76) | Ray Kennedy | | 95.3% | Dynamo Dresden 0-0 LIV, UC QF, 1st leg (75/76) | Ray Kennedy | | 95.3% | LIV 2-1 Dynamo Dresden, UC QF, 2nd leg (75/76) | Ray Kennedy | | 95.3% | LIV 5-1 Dynamo Dresden, EC R2, 1st leg (77/78) | Ray Kennedy | | 95.3% | Dynamo Dresden 2-1 LIV, EC R2, 2nd leg (77/78) | Ray Kennedy | | 95.3% | LIV 2-1 Dinamo Tbilisi, EC R1, 1st leg (79/80) | Alan Kennedy | | 95.3% | Dinamo Tbilisi 3-0 LIV, EC R1, 2nd leg (79/80) | Ray Kennedy | | 95.3% | LIV 5-1 CSKA Sofia, EC QF, 1st leg (80/81) | Alan Kennedy | | 95.3% | LIV 5-1 CSKA Sofia, EC QF, 1st leg (80/81) | Ray Kennedy | | 95.3% | CSKA Sofia 0-1 LIV, EC QF, 2nd leg (80/81) | Alan Kennedy | | 95.3% | CSKA Sofia 0-1 LIV, EC QF, 2nd leg (80/81) | Ray Kennedy | | 95.3% | LIV 1-0 CSKA Sofia, EC QF, 1st leg (81/82) | Alan Kennedy | | 95.3% | CSKA Sofia 2-0 LIV, EC QF, 2nd leg (81/82) | Alan Kennedy | | 95.3% | Widzew Łódź 2-0 LIV, EC QF, 1st leg (82/83) | Alan Kennedy | | 95.3% | LIV 3-2 Widzew Łódź, EC QF, 2nd leg (82/83) | Alan Kennedy | | 95.3% | LIV 1-0 Dinamo Bucureşti, EC SF, 1st leg (83/84) | Alan Kennedy | | 95.3% |
|
Match & Year | Player |
Dinamo Bucureşti 1-2 LIV, EC SF, 2nd leg (83/84) | Alan Kennedy | | 95.3% | Lech Poznań 0-1 LIV, EC R1, 1st leg (84/85) | Alan Kennedy | | 95.3% | LIV 4-0 Lech Poznań, EC R1, 2nd leg (84/85) | Alan Kennedy | | 95.3% | Śląsk Wrocław 1-2 LIV, UC R3, 1st leg (75/76) | Phil Thompson | | 94.8% | LIV 3-0 Śląsk Wrocław, UC R3, 2nd leg (75/76) | Phil Thompson | | 94.8% | Dynamo Dresden 0-0 LIV, UC QF, 1st leg (75/76) | Phil Thompson | | 94.8% | LIV 2-1 Dynamo Dresden, UC QF, 2nd leg (75/76) | Phil Thompson | | 94.8% | LIV 2-1 Dinamo Tbilisi, EC R1, 1st leg (79/80) | Phil Thompson | | 94.8% | Dinamo Tbilisi 3-0 LIV, EC R1, 2nd leg (79/80) | Phil Thompson | | 94.8% | LIV 5-1 CSKA Sofia, EC QF, 1st leg (80/81) | Phil Thompson | | 94.8% | CSKA Sofia 2-0 LIV, EC QF, 2nd leg (81/82) | Phil Thompson | | 94.8% | LIV 2-1 Dinamo Tbilisi, EC R1, 1st leg (79/80) | Graeme Souness | | 94.3% | Dinamo Tbilisi 3-0 LIV, EC R1, 2nd leg (79/80) | Graeme Souness | | 94.3% | LIV 5-1 CSKA Sofia, EC QF, 1st leg (80/81) | Graeme Souness | | 94.3% | CSKA Sofia 0-1 LIV, EC QF, 2nd leg (80/81) | Graeme Souness | | 94.3% | LIV 1-0 CSKA Sofia, EC QF, 1st leg (81/82) | Graeme Souness | | 94.3% | CSKA Sofia 2-0 LIV, EC QF, 2nd leg (81/82) | Graeme Souness | | 94.3% | Widzew Łódź 2-0 LIV, EC QF, 1st leg (82/83) | Graeme Souness | | 94.3% | LIV 3-2 Widzew Łódź, EC QF, 2nd leg (82/83) | Graeme Souness | | 94.3% | LIV 1-0 Dinamo Bucureşti, EC SF, 1st leg (83/84) | Graeme Souness | | 94.3% | Dinamo Bucureşti 1-2 LIV, EC SF, 2nd leg (83/84) | Graeme Souness | | 94.3% | Śląsk Wrocław 1-2 LIV, UC R3, 1st leg (75/76) | Phil Neal | | 94% | LIV 3-0 Śląsk Wrocław, UC R3, 2nd leg (75/76) | Phil Neal | | 94% | Dynamo Dresden 0-0 LIV, UC QF, 1st leg (75/76) | Phil Neal | | 94% | LIV 2-1 Dynamo Dresden, UC QF, 2nd leg (75/76) | Phil Neal | | 94% | LIV 5-1 Dynamo Dresden, EC R2, 1st leg (77/78) | Phil Neal | | 94% | Dynamo Dresden 2-1 LIV, EC R2, 2nd leg (77/78) | Phil Neal | | 94% | LIV 2-1 Dinamo Tbilisi, EC R1, 1st leg (79/80) | Phil Neal | | 94% | Dinamo Tbilisi 3-0 LIV, EC R1, 2nd leg (79/80) | Phil Neal | | 94% | LIV 5-1 CSKA Sofia, EC QF, 1st leg (80/81) | Phil Neal | | 94% | CSKA Sofia 0-1 LIV, EC QF, 2nd leg (80/81) | Phil Neal | | 94% | LIV 1-0 CSKA Sofia, EC QF, 1st leg (81/82) | Phil Neal | | 94% | CSKA Sofia 2-0 LIV, EC QF, 2nd leg (81/82) | Phil Neal | | 94% | Widzew Łódź 2-0 LIV, EC QF, 1st leg (82/83) | Phil Neal | | 94% | LIV 3-2 Widzew Łódź, EC QF, 2nd leg (82/83) | Phil Neal | | 94% | LIV 1-0 Dinamo Bucureşti, EC SF, 1st leg (83/84) | Phil Neal | | 94% | Dinamo Bucureşti 1-2 LIV, EC SF, 2nd leg (83/84) | Phil Neal | | 94% | Lech Poznań 0-1 LIV, EC R1, 1st leg (84/85) | Phil Neal | | 94% | LIV 4-0 Lech Poznań, EC R1, 2nd leg (84/85) | Phil Neal | | 94% | LIV 3-0 Śląsk Wrocław, UC R3, 2nd leg (75/76) | Kevin Keegan | | 91.9% | Dynamo Dresden 0-0 LIV, UC QF, 1st leg (75/76) | Kevin Keegan | | 91.9% | LIV 2-1 Dynamo Dresden, UC QF, 2nd leg (75/76) | Kevin Keegan | | 91.9% | Śląsk Wrocław 1-2 LIV, UC R3, 1st leg (75/76) | John Toshack | | 91.6% | LIV 3-0 Śląsk Wrocław, UC R3, 2nd leg (75/76) | John Toshack | | 91.6% | LIV 2-1 Dynamo Dresden, UC QF, 2nd leg (75/76) | John Toshack | | 91.6% | LIV 5-1 Dynamo Dresden, EC R2, 1st leg (77/78) | John Toshack | | 91.6% | LIV 1-0 CSKA Sofia, EC QF, 1st leg (81/82) | Mark Lawrenson | | 91.6% | CSKA Sofia 2-0 LIV, EC QF, 2nd leg (81/82) | Mark Lawrenson | | 91.6% | Widzew Łódź 2-0 LIV, EC QF, 1st leg (82/83) | Mark Lawrenson | | 91.6% | LIV 3-2 Widzew Łódź, EC QF, 2nd leg (82/83) | Mark Lawrenson | | 91.6% | LIV 1-0 Dinamo Bucureşti, EC SF, 1st leg (83/84) | Mark Lawrenson | | 91.6% | Dinamo Bucureşti 1-2 LIV, EC SF, 2nd leg (83/84) | Mark Lawrenson | | 91.6% | Lech Poznań 0-1 LIV, EC R1, 1st leg (84/85) | Mark Lawrenson | | 91.6% | LIV 4-0 Lech Poznań, EC R1, 2nd leg (84/85) | Mark Lawrenson | | 91.6% | Śląsk Wrocław 1-2 LIV, UC R3, 1st leg (75/76) | Emlyn Hughes | | 91.4% | LIV 3-0 Śląsk Wrocław, UC R3, 2nd leg (75/76) | Emlyn Hughes | | 91.4% | Dynamo Dresden 0-0 LIV, UC QF, 1st leg (75/76) | Emlyn Hughes | | 91.4% | LIV 2-1 Dynamo Dresden, UC QF, 2nd leg (75/76) | Emlyn Hughes | | 91.4% | LIV 5-1 Dynamo Dresden, EC R2, 1st leg (77/78) | Emlyn Hughes | | 91.4% | Dynamo Dresden 2-1 LIV, EC R2, 2nd leg (77/78) | Emlyn Hughes | | 91.4% | LIV 5-1 CSKA Sofia, EC QF, 1st leg (80/81) | Sammy Lee | | 89.6% | CSKA Sofia 0-1 LIV, EC QF, 2nd leg (80/81) | Sammy Lee | | 89.6% | LIV 1-0 CSKA Sofia, EC QF, 1st leg (81/82) | Sammy Lee | | 89.6% | LIV 1-0 CSKA Sofia, EC QF, 1st leg (81/82) | Ronnie Whelan | | 89.6% | CSKA Sofia 2-0 LIV, EC QF, 2nd leg (81/82) | Sammy Lee | | 89.6% | CSKA Sofia 2-0 LIV, EC QF, 2nd leg (81/82) | Ronnie Whelan | | 89.6% |
|
Match & Year | Player |
Widzew Łódź 2-0 LIV, EC QF, 1st leg (82/83) | Sammy Lee | | 89.6% | Widzew Łódź 2-0 LIV, EC QF, 1st leg (82/83) | Ronnie Whelan | | 89.6% | LIV 3-2 Widzew Łódź, EC QF, 2nd leg (82/83) | Sammy Lee | | 89.6% | LIV 3-2 Widzew Łódź, EC QF, 2nd leg (82/83) | Ronnie Whelan | | 89.6% | LIV 1-0 Dinamo Bucureşti, EC SF, 1st leg (83/84) | Sammy Lee | | 89.6% | LIV 1-0 Dinamo Bucureşti, EC SF, 1st leg (83/84) | Ronnie Whelan | | 89.6% | Dinamo Bucureşti 1-2 LIV, EC SF, 2nd leg (83/84) | Sammy Lee | | 89.6% | Dinamo Bucureşti 1-2 LIV, EC SF, 2nd leg (83/84) | Ronnie Whelan | | 89.6% | Lech Poznań 0-1 LIV, EC R1, 1st leg (84/85) | Sammy Lee | | 89.6% | Lech Poznań 0-1 LIV, EC R1, 1st leg (84/85) | Ronnie Whelan | | 89.6% | LIV 4-0 Lech Poznań, EC R1, 2nd leg (84/85) | Sammy Lee | | 89.6% | LIV 4-0 Lech Poznań, EC R1, 2nd leg (84/85) | Ronnie Whelan | | 89.6% | Śląsk Wrocław 1-2 LIV, UC R3, 1st leg (75/76) | Steve Heighway | | 88.8% | Dynamo Dresden 0-0 LIV, UC QF, 1st leg (75/76) | Steve Heighway | | 88.8% | LIV 2-1 Dynamo Dresden, UC QF, 2nd leg (75/76) | Steve Heighway | | 88.8% | LIV 5-1 Dynamo Dresden, EC R2, 1st leg (77/78) | Steve Heighway | | 88.8% | Dynamo Dresden 2-1 LIV, EC R2, 2nd leg (77/78) | Terry McDermott | | 88.8% | Dynamo Dresden 2-1 LIV, EC R2, 2nd leg (77/78) | Steve Heighway | | 88.8% | LIV 2-1 Dinamo Tbilisi, EC R1, 1st leg (79/80) | Terry McDermott | | 88.8% | Dinamo Tbilisi 3-0 LIV, EC R1, 2nd leg (79/80) | Terry McDermott | | 88.8% | LIV 5-1 CSKA Sofia, EC QF, 1st leg (80/81) | Terry McDermott | | 88.8% | LIV 5-1 CSKA Sofia, EC QF, 1st leg (80/81) | Steve Heighway | | 88.8% | LIV 1-0 CSKA Sofia, EC QF, 1st leg (81/82) | Terry McDermott | | 88.8% | CSKA Sofia 2-0 LIV, EC QF, 2nd leg (81/82) | Terry McDermott | | 88.8% | Śląsk Wrocław 1-2 LIV, UC R3, 1st leg (75/76) | Tommy Smith | | 88.5% | LIV 3-0 Śląsk Wrocław, UC R3, 2nd leg (75/76) | Tommy Smith | | 88.5% | Dynamo Dresden 0-0 LIV, UC QF, 1st leg (75/76) | Tommy Smith | | 88.5% | LIV 2-1 Dynamo Dresden, UC QF, 2nd leg (75/76) | Tommy Smith | | 88.5% | LIV 2-1 Dinamo Tbilisi, EC R1, 1st leg (79/80) | David Johnson | | 86.9% | Dinamo Tbilisi 3-0 LIV, EC R1, 2nd leg (79/80) | David Johnson | | 86.9% | CSKA Sofia 0-1 LIV, EC QF, 2nd leg (80/81) | David Johnson | | 86.9% | LIV 5-1 Dynamo Dresden, EC R2, 1st leg (77/78) | Joey Jones | | 86.2% | Dynamo Dresden 2-1 LIV, EC R2, 2nd leg (77/78) | Joey Jones | | 86.2% | Śląsk Wrocław 1-2 LIV, UC R3, 1st leg (75/76) | Ian Callaghan | | 83.3% | LIV 3-0 Śląsk Wrocław, UC R3, 2nd leg (75/76) | Ian Callaghan | | 83.3% | Dynamo Dresden 0-0 LIV, UC QF, 1st leg (75/76) | Ian Callaghan | | 83.3% | LIV 2-1 Dynamo Dresden, UC QF, 2nd leg (75/76) | Ian Callaghan | | 83.3% | LIV 5-1 Dynamo Dresden, EC R2, 1st leg (77/78) | Ian Callaghan | | 83.3% | Dynamo Dresden 2-1 LIV, EC R2, 2nd leg (77/78) | Ian Callaghan | | 83.3% | Widzew Łódź 2-0 LIV, EC QF, 1st leg (82/83) | Craig Johnston | | 82.8% | LIV 3-2 Widzew Łódź, EC QF, 2nd leg (82/83) | Craig Johnston | | 82.8% | LIV 1-0 Dinamo Bucureşti, EC SF, 1st leg (83/84) | Craig Johnston | | 82.8% | Dinamo Bucureşti 1-2 LIV, EC SF, 2nd leg (83/84) | Craig Johnston | | 82.8% | Lech Poznań 0-1 LIV, EC R1, 1st leg (84/85) | Steve Nicol | | 82.2% | Śląsk Wrocław 1-2 LIV, UC R3, 1st leg (75/76) | Jimmy Case | | 82% | LIV 3-0 Śląsk Wrocław, UC R3, 2nd leg (75/76) | Jimmy Case | | 82% | Dynamo Dresden 0-0 LIV, UC QF, 1st leg (75/76) | Jimmy Case | | 82% | LIV 2-1 Dynamo Dresden, UC QF, 2nd leg (75/76) | Jimmy Case | | 82% | LIV 5-1 Dynamo Dresden, EC R2, 1st leg (77/78) | Jimmy Case | | 82% | Dynamo Dresden 2-1 LIV, EC R2, 2nd leg (77/78) | Jimmy Case | | 82% | LIV 2-1 Dinamo Tbilisi, EC R1, 1st leg (79/80) | Jimmy Case | | 82% | Dinamo Tbilisi 3-0 LIV, EC R1, 2nd leg (79/80) | Jimmy Case | | 82% | CSKA Sofia 0-1 LIV, EC QF, 2nd leg (80/81) | Jimmy Case | | 82% | Dynamo Dresden 0-0 LIV, UC QF, 1st leg (75/76) | David Fairclough | | 78.3% | LIV 2-1 Dinamo Tbilisi, EC R1, 1st leg (79/80) | David Fairclough | | 78.3% | Lech Poznań 0-1 LIV, EC R1, 1st leg (84/85) | John Wark | | 72.6% | LIV 4-0 Lech Poznań, EC R1, 2nd leg (84/85) | John Wark | | 72.6% | Lech Poznań 0-1 LIV, EC R1, 1st leg (84/85) | Paul Walsh | | 72.3% | LIV 4-0 Lech Poznań, EC R1, 2nd leg (84/85) | Paul Walsh | | 72.3% | LIV 4-0 Lech Poznań, EC R1, 2nd leg (84/85) | Michael Robinson | | 68.1% | Śląsk Wrocław 1-2 LIV, UC R3, 1st leg (75/76) | Brian Hall | | 57.2% | LIV 3-0 Śląsk Wrocław, UC R3, 2nd leg (75/76) | Brian Hall | | 57.2% | LIV 3-2 Widzew Łódź, EC QF, 2nd leg (82/83) | David Hodgson | | 54% | LIV 2-1 Dinamo Tbilisi, EC R1, 1st leg (79/80) | Colin Irwin | | 45.7% | Dinamo Tbilisi 3-0 LIV, EC R1, 2nd leg (79/80) | Colin Irwin | | 45.7% | CSKA Sofia 0-1 LIV, EC QF, 2nd leg (80/81) | Colin Irwin | | 45.7% |
|
Comments